| 000 | 00747nam a2200253 a 4500 | ||
|---|---|---|---|
| 001 | BRL_536 | ||
| 005 | 20190320210805.0 | ||
| 008 | 020913s1952----mx-a######---#000-0#esp-# | ||
| 041 | _aspa | ||
| 044 | _amx | ||
| 050 | 4 |
_aCC165 _b.B47 1952 |
|
| 100 | 1 |
_aBernal, Ignacio _9778 |
|
| 245 | 1 | 0 |
_aIntroducción a la Arqueología _cIgnacio Bernal ; prol. Alfonso Caso. |
| 260 |
_aMéxico _bFondo de Cultura Económica _c1952 |
||
| 300 |
_a163 p. _bil. _c23 cm. |
||
| 440 | 0 |
_aSección de Obras de Antropología. _924233 |
|
| 500 | _aAu609 | ||
| 500 | _aBibliografía: p. 150-160 | ||
| 650 | 1 | 4 |
_aArquelogía _924234 |
| 650 | 1 | 4 |
_aArquelogía _xArquitectura antigua _924235 |
| 700 | 1 |
_aCaso, Alfonso _eprol. _917369 |
|
| 902 | _aGRL | ||
| 942 |
_2lcc _cB |
||
| 999 |
_c9348 _d9348 |
||